00758nam a2200157 a 4500008004100000050001900041100001800060245013800078260009600216350000900312650002500321650001800346995009500364999001700459952012400476110818s1991 ||||||||||||||||| || u aTHESIS/STUDENT aTonga Stanley10aRisks and uncertainties in property development: an appraisal of the Zambia National Provident Fund Housing project, riverside, Kitwe aKitwebCopperbelt University, School of Built Environment, Department of Land Economyc1991 a0.00 aPROPERTY DEVELOPMENT aREAL PROPERTY D0.00FCBU-MAIN LIBRARY (Kitwe)H1I0.00M1UAVAILABLEWAug 18, 2011ZUniversity Collection c56588d56588 00102lcc4070a001b001cUniversity Collectiond2022-11-30l0oTHESIS/STUDENTpZ03008161r2022-11-30w2022-11-30y002